000 00363nam a2200157Ia 4500
005 20260330110344.0
008 260330s9999||||xx |||||||||||||| ||und||
020 _a9789588306391
041 _aspa
100 _aVillegas, Mar
245 0 _aCómo No Meter La Pata /
_cMar Villegas
250 _a1 ed.
260 _a :
_b.
_c2009
650 _aCUENTO
942 _cBKL
999 _c693
_d693